Cuenca del Caribe: el mini plan de ayuda
Gespeichert in:
| Format: | Text |
|---|---|
| Sprache: | Spanish |
| Tags: |
Tag hinzufügen
Keine Tags, Fügen Sie den ersten Tag hinzu!
|
MARC
| LEADER | 00000 a a2200000 04500 | ||
|---|---|---|---|
| 001 | 304 | ||
| 003 | cru CIDCACS/IIS | ||
| 005 | 20191126140546.0 | ||
| 008 | 191001b ||||| |||| 00| 0 spa d | ||
| 999 | |c 42426 |d 42426 | ||
| 040 | |c cru CIDCACS/IIS | ||
| 245 | |a Cuenca del Caribe: |b el mini plan de ayuda | ||
| 300 | |a página 265 | ||
| 942 | |2 ddc |c PP | ||
| 773 | 0 | |0 42391 |9 3908 |a Agencia Latinoamericana de Información, ALAI |d Quito, Ecuador: ALAI |o 04119 |t ALAI: |x 08275564 (Servicio mensual de información y documentación) | |
